| 000 | 00865nam a22002777a 4500 | ||
|---|---|---|---|
| 001 | 1452 | ||
| 003 | CO-MdFUSB | ||
| 005 | 20180622072713.0 | ||
| 008 | 170309t1886 xxu||||| |||| 00| 0 eng d | ||
| 040 |
_aCO-MdFUSB _bspa _cCO-MdFUSB _dCO-MdFUSBC _erda |
||
| 041 | 0 | _aeng | |
| 082 | 0 | 4 | _aG 201 M1771r |
| 100 | 1 |
_aMcWhinney, Thomas Martin _eautor |
|
| 245 | 0 |
_aReason and revelation, hand in hand _c/ Thomas Martin McWhinney _b: |
|
| 260 | _at | ||
| 264 | 4 |
_aNew York, N.Y., USA : _bFords, Howard and Hulber, _c©1886 |
|
| 300 |
_aXI, 594 Pag. _b: _c; |
||
| 336 |
_2rdacontent _a1 _ba1 |
||
| 337 |
_2rdamedia _a2 _b5 |
||
| 338 |
_2rdacarrier _a2 _b5 |
||
| 501 | _aPasta dura | ||
| 505 | 0 | 0 | _aReligión - La Biblia - Teología - Antropología - Demonología - Cristología |
| 650 | 7 |
_aReligión y ciencia _9259 |
|
| 650 | 7 |
_aTeología bíblica _9320 |
|
| 942 | _cBK | ||
| 999 |
_c32772 _d32772 |
||